Science Quiz

Random Science or Math Quiz

'F' in Math Quiz Stats

 Plays Quiz Updated Nov 15, 2018

Also try: 'A' in Math
Challenge
Share
Tweet
Embed
Score 0/15 Timer 06:00
1 Play Today
Hint Answer % Correct
Numerical representation of part of a whole; 4/3 of people don't understand themFraction
97.9%
One of the flat surfaces making up a polyhedron; a cube has six of themFace
80.7%
Not having the property of being without bound or endFinite
71.2%
Assigns exactly one element of one set to each element of another (possibly equal) set, e.g. f(x) = mx + bFunction
69.5%
Any of the numbers or symbols that, when multiplied together, form a productFactor
69.3%
Mathematician known for his sequence of numbers for which the next term is found by adding the previous two termsFibonacci
60.4%
The product of a given integer n and all positive integers less than n, denoted n!Factorial
57.1%
Special point(s) used to construct and define a conic section. A parabola has one; an ellipse has two; etc.Focus
44.2%
Hint Answer % Correct
Expression denoting a mathematical fact, rule, or property using symbolsFormula
38%
Geometric shape that can be split into parts, each of which is (almost) a reduced-size copy of the whole, e.g. the Mandelbrot setFractal
28.2%
Mathematician known for his 'Last Theorem' that conjectured the lack of natural number solutions to the equation aⁿ + bⁿ = cⁿ, n > 2Fermat
27.1%
Mathematician whose name is often followed by 'transform', 'analysis', 'series', etc.Fourier
25.4%
Step function of a real number n which is the greatest integer less than or equal to n, denoted ⌊n⌋Floor
14.9%
Algebraic structure with notions of addition, subtraction, multiplication, and division, satisfying certain axioms, e.g. ℝ or ℂField
11.5%
A mapping from a vector space to the vector space's underlying field, usually ℝ, e.g. a definite integralFunctional
4.2%

You're not logged in!

Compare scores with friends on all Sporcle quizzes.
OR
Log In

You Might Also Like...

Show Comments

Extras

Top Quizzes Today


Score Distribution

Your Account Isn't Verified!

In order to create a playlist on Sporcle, you need to verify the email address you used during registration. Go to your Sporcle Settings to finish the process.

Report this User

Report this user for behavior that violates our Community Guidelines.

Details: